Southville International School and Colleges
Your cart is empty.
  • Cart
  • Lists
    Public lists Eva Luna New books Lux_list list_1
    Your lists Log in to create your own lists
  • Log in to your account
  • Your cookies
  • Search history
Southville International School and Colleges
  • Advanced search
  • Recent comments
  • Most popular
  • Libraries

Log in to your account

Log in with GOOGLE


If you do not have an external account, but do have a local account, you can still log in:

  1. Home
  2. MARC view: Life of Henriette Sontag, Countess de Rossi. :
Normal view MARC view ISBD view

Life of Henriette Sontag, Countess de Rossi. : (Record no. 269114)

[ view plain ]
MARC details
000 -LEADER
fixed length control field 01124cam a22003133a 4500
001 - CONTROL NUMBER
control field 39861
003 - CONTROL NUMBER IDENTIFIER
control field PGUSA
005 - DATE AND TIME OF LATEST TRANSACTION
control field 20140828083904.0
008 - FIXED-LENGTH DATA ELEMENTS--GENERAL INFORMATION
fixed length control field 120530s2012||||xxu|||||s|||||000 | eng d
040 ## - CATALOGING SOURCE
Original cataloging agency PGUSA
Language of cataloging eng
042 ## - AUTHENTICATION CODE
Authentication code dc
050 #4 - LIBRARY OF CONGRESS CALL NUMBER
Classification number ML
245 10 - TITLE STATEMENT
Title Life of Henriette Sontag, Countess de Rossi. :
Remainder of title with Interesting Sketches by Scudo, Hector Berlioz, Louis Boerne, Adolphe Adam, Marie Aycard, Julie de Margueritte, Prince Puckler-Muskau and Theophile Gautier.
Medium [electronic resource]
260 ## - PUBLICATION, DISTRIBUTION, ETC. (IMPRINT)
Name of publisher, distributor, etc Project Gutenberg,
Date of publication, distribution, etc 2012
506 ## - RESTRICTIONS ON ACCESS NOTE
Terms governing access Public domain in the USA.
516 ## - TYPE OF COMPUTER FILE OR DATA NOTE
Type of computer file or data note Electronic text
653 ## - INDEX TERM--UNCONTROLLED
Uncontrolled term Sontag, Henriette, 1806-1854
700 1# - ADDED ENTRY--PERSONAL NAME
Personal name Boerne, Louis
700 1# - ADDED ENTRY--PERSONAL NAME
Personal name Aycard, Marie,
Dates associated with a name 1794-1859
700 1# - ADDED ENTRY--PERSONAL NAME
Personal name Scudo, Paul,
Dates associated with a name 1806-1864
700 1# - ADDED ENTRY--PERSONAL NAME
Personal name Gautier, Théophile,
Dates associated with a name 1811-1872
700 1# - ADDED ENTRY--PERSONAL NAME
Personal name Adam, Adolphe,
Dates associated with a name 1803-1856
700 1# - ADDED ENTRY--PERSONAL NAME
Personal name Berlioz, Hector,
Dates associated with a name 1803-1869
700 1# - ADDED ENTRY--PERSONAL NAME
Personal name Pückler-Muskau, Hermann, Fürst von,
Dates associated with a name 1785-1871
700 1# - ADDED ENTRY--PERSONAL NAME
Personal name Marguerittes, Julie de,
Dates associated with a name 1814-1866
830 #0 - SERIES ADDED ENTRY--UNIFORM TITLE
Uniform title Project Gutenberg
Volume number/sequential designation 39861
856 40 - ELECTRONIC LOCATION AND ACCESS
Uniform Resource Identifier <a href="http://www.gutenberg.org/ebooks/39861">http://www.gutenberg.org/ebooks/39861</a>
942 ## - ADDED ENTRY ELEMENTS (KOHA)
Koha item type eBooks
Holdings
Withdrawn status Lost status Damaged status Home library Current library Date acquired Total Checkouts Date last seen Price effective from Koha item type
      Project Gutenberg Project Gutenberg 08/28/2014   08/28/2014 08/28/2014 eBooks

Life of Henriette Sontag, Countess de Rossi. :

APA

Boerne L., Aycard M., Scudo P., Gautier T., Adam A., Berlioz H., Pückler-Muskau H. F. v. & Marguerittes J. d. (2012). Life of Henriette Sontag, Countess de Rossi. : Project Gutenberg.

Chicago

Boerne Louis, Aycard Marie, Scudo Paul, Gautier Théophile, Adam Adolphe, Berlioz Hector, Pückler-Muskau Hermann Fürst von and Marguerittes Julie de. 2012. Life of Henriette Sontag, Countess de Rossi. : Project Gutenberg.

Harvard

Boerne L., Aycard M., Scudo P., Gautier T., Adam A., Berlioz H., Pückler-Muskau H. F. v. and Marguerittes J. d. (2012). Life of Henriette Sontag, Countess de Rossi. : Project Gutenberg.

MLA

Boerne Louis, Aycard Marie, Scudo Paul, Gautier Théophile, Adam Adolphe, Berlioz Hector, Pückler-Muskau Hermann Fürst von and Marguerittes Julie de. Life of Henriette Sontag, Countess de Rossi. : Project Gutenberg. 2012.

  • Place hold
  • Print
  • Cite
  • Add to your cart (remove)
  • Save record
    BIBTEX Dublin Core MARCXML MARC (non-Unicode/MARC-8) MARC (Unicode/UTF-8) MARC (Unicode/UTF-8, Standard) MODS (XML) RIS
  • More searches
    Search for this title in:
    Other Libraries (WorldCat) Other Databases (Google Scholar) Online Stores (Bookfinder.com) Open Library (openlibrary.org)

Exporting to Dublin Core...

SOUTHVILLE LIBRARY

Southville International School and Colleges Library

1281 Tropical Ave. Cor. Luxembourg St., BF Homes International, Las Pinas City

Tel. No. 8256374 / 252358 Loc. 117/146

Powered by Koha